[Event "Unterfranken-ch HB 56th"]
[Site "Stetten"]
[Date "2005.03.30"]
[Round "5"]
[White "Hoffmann, Klaus"]
[Black "Pohl, Carsten"]
[Result "1/2-1/2"]
[WhiteElo "1648"]
[BlackElo "1581"]
[PlyCount "60"]
[EventDate "2005.03.28"]
[EventType "swiss"]
[EventRounds "9"]
[EventCountry "GER"]
[SourceTitle "EXT 2015"]
[Source "ChessBase"]
[SourceDate "2014.11.20"]
[SourceVersion "1"]
[SourceVersionDate "2014.11.20"]
[SourceQuality "1"]

1. e4 e5 2. d4 exd4 3. c3 Nf6 4. e5 Qe7 5. cxd4 d6 6. Nf3 Bg4 7. Be2 Nfd7 8. 0-0 Nc6 9. Bg5 f6 10. exf6 gxf6 11. d5 Nce5 12. Bf4 0-0-0 13. Re1 h5 14. Nc3 Bh6 15. Bxh6 Rxh6 16. Qc1 Qg7 17. Qe3 Bxf3 18. Bxf3 Nxf3+ 19. Qxf3 Rg8 20. Rac1 a6 21. Ne4 f5 22. Nxd6+ Rxd6 23. g3 f4 24. Qxh5 Nf6 25. Qf5+ Qd7 26. Qxf4 Nxd5 27. Qc4 Rd8 28. Qc5 Kb8 29. Qd4 Nf6 30. Qf4 Nd5 1/2-1/2

[Event "Unterfranken-ch H2 46th"]
[Site "Karlburg"]
[Date "1995.??.??"]
[Round "?"]
[White "Hoffmann, Klaus"]
[Black "Steiner, Sascha"]
[Result "0-1"]
[WhiteElo "1613"]
[BlackElo "1682"]
[PlyCount "86"]
[EventDate "1995.04.17"]
[EventType "swiss"]
[EventRounds "9"]
[EventCountry "GER"]
[SourceTitle "EXT 2015"]
[Source "ChessBase"]
[SourceDate "2014.11.20"]
[SourceVersion "1"]
[SourceVersionDate "2014.11.20"]
[SourceQuality "1"]

1. e4 e5 2. Bc4 Nc6 3. Nc3 Nf6 4. d3 Bb4 5. Nge2 d6 6. a3 Ba5 7. Be3 Bg4 8. 0-0 0-0 9. f4 Bb6 10. Qd2 Bxe2 11. Qxe2 Bxe3+ 12. Qxe3 Na5 13. Ba2 Nc6 14. f5 Nd4 15. Rac1 c6 16. h3 Nh5 17. Rf2 Kh8 18. Ne2 Nxe2+ 19. Qxe2 Qg5 20. Rcf1 Ng3 21. Qf3 Nxf1 22. Rxf1 f6 23. g3 Qd2 24. Bb3 Rad8 25. h4 b6 26. h5 h6 27. Rd1 Qa5 28. Kg2 d5 29. Qe2 dxe4 30. Qxe4 Qc5 31. Qe2 Rd6 32. c3 Rfd8 33. Bc4 b5 34. Ba2 Qb6 35. Bb1 c5 36. Kh3 c4 37. Kh4 Qc6 38. Qe3 Qd7 39. d4 exd4 40. cxd4 Rxd4+ 41. Rxd4 Qxd4+ 42. Qe4 Qxe4+ 43. Bxe4 Rd4 0-1

[Event "Unterfranken-ch H2 46th"]
[Site "Karlburg"]
[Date "1995.??.??"]
[Round "?"]
[White "Hoffmann, Klaus"]
[Black "Vollmert, Andreas"]
[Result "1/2-1/2"]
[WhiteElo "1613"]
[BlackElo "1719"]
[PlyCount "37"]
[EventDate "1995.04.17"]
[EventType "swiss"]
[EventRounds "9"]
[EventCountry "GER"]
[SourceTitle "EXT 2015"]
[Source "ChessBase"]
[SourceDate "2014.11.20"]
[SourceVersion "1"]
[SourceVersionDate "2014.11.20"]
[SourceQuality "1"]

1. e4 d5 2. d4 dxe4 3. Nc3 e5 4. Nxe4 exd4 5. Bd3 Be7 6. Ne2 Nf6 7. 0-0 Nc6 8. Re1 0-0 9. N2g3 Nb4 10. Bg5 Nxd3 11. Qxd3 Nxe4 12. Bxe7 Qxe7 13. Rxe4 Qf6 14. Rae1 Be6 15. Rxd4 Rad8 16. Ree4 Rxd4 17. Rxd4 g6 18. Qe3 Rd8 19. Ne2 1/2-1/2

[Event "Unterfranken-ch HB 44th"]
[Site "Rieneck"]
[Date "1993.??.??"]
[Round "7"]
[White "Hoffmann, Klaus"]
[Black "Mehler, Walter"]
[Result "1/2-1/2"]
[WhiteElo "1612"]
[BlackElo "1702"]
[PlyCount "94"]
[EventDate "1993.04.12"]
[EventType "swiss"]
[EventRounds "9"]
[EventCountry "GER"]
[SourceTitle "EXT 2015"]
[Source "ChessBase"]
[SourceDate "2014.11.20"]
[SourceVersion "1"]
[SourceVersionDate "2014.11.20"]
[SourceQuality "1"]

1. e4 e6 2. f4 Be7 3. Nf3 c5 4. d4 cxd4 5. Bd3 d5 6. e5 Nc6 7. a3 Nh6 8. 0-0 a5 9. Ng5 Nxe5 10. fxe5 Bxg5 11. Bb5+ Bd7 12. Bxg5 Qxg5 13. Bxd7+ Kxd7 14. Qxd4 Rhc8 15. Nc3 Ra6 16. Ne4 Qe7 17. Qa4+ Kd8 18. Nd6 Rcc6 19. Rad1 f6 20. exf6 gxf6 21. Nb5 Kc8 22. Qf4 Nf5 23. Kh1 Rc4 24. Qf2 Qc5 25. Nc3 Rb6 26. Nxd5 Qxf2 27. Rxf2 Rd6 28. Ne7+ Kd7 29. Rxd6+ Nxd6 30. Ng8 Rd4 31. h3 Ne4 32. Nxf6+ Nxf6 33. Rxf6 Rd6 34. Rf7+ Kc6 35. Re7 Rd1+ 36. Kh2 Re1 37. Rxh7 b5 38. Rh4 e5 39. Kg3 Re2 40. c4 Rxb2 41. cxb5+ Rxb5 42. Kf2 Rb2+ 43. Ke3 Rxg2 44. Rc4+ Kd5 45. Ra4 Rg3+ 46. Kf2 Rxh3 47. Rxa5+ Kd4 1/2-1/2

[Event "Unterfranken-ch HB 44th"]
[Site "Rieneck"]
[Date "1993.??.??"]
[Round "1"]
[White "Weippert, Andreas"]
[Black "Hoffmann, Klaus"]
[Result "1/2-1/2"]
[WhiteElo "1568"]
[BlackElo "1612"]
[PlyCount "60"]
[EventDate "1993.04.12"]
[EventType "swiss"]
[EventRounds "9"]
[EventCountry "GER"]
[SourceTitle "EXT 2015"]
[Source "ChessBase"]
[SourceDate "2014.11.20"]
[SourceVersion "1"]
[SourceVersionDate "2014.11.20"]
[SourceQuality "1"]

1. Nf3 Nf6 2. g3 d5 3. d4 Bf5 4. Nbd2 Nbd7 5. b3 e6 6. Bb2 c5 7. c4 Rc8 8. cxd5 exd5 9. Nh4 Be6 10. Rc1 b6 11. e3 Be7 12. Bg2 0-0 13. h3 c4 14. 0-0 b5 15. e4 Nxe4 16. Nxe4 dxe4 17. d5 Bxh3 18. Bxh3 Bxh4 19. gxh4 f5 20. Qd4 Rf6 21. Bxf5 Nc5 22. bxc4 Nd3 23. Qxe4 Nxb2 24. cxb5 Rb8 25. Rc2 Qf8 26. Bxh7+ Kh8 27. f4 Re8 28. Qf3 Kxh7 29. Rxb2 Qc5+ 30. Kg2 Rh6 1/2-1/2